000 00692nam a2200265Ia 4500
005 20260121165834.0
008 008 260114s9999 xx 000 0 eng d
020 _a9783319619026
037 _aEBOOK
040 _aCRL
040 _beng
040 _cCRL
041 _2eng
041 _aeng
084 _qCRL
100 _aWissem Frikha, Serge Varaksin, Antonio Viana da Fonseca
_91056667
245 0 _aSoil Testing, Soil Stability and Ground Improvement
260 _bSpringer
260 _bSpringer
260 _c2018
856 _uhttps://link.springer.com/openurl?genre=book&isbn=978-3-319-61902-6
942 _cEBOOK
999 _c1622395
_d1622395